000 00739nam a2200253 i 4500
001 bgj
100 1 _aSHAUDYS, Phyllis
245 1 0 _aHerbal treasures :
_binspiring month-by-month projects for gardening, cooking, and crafts /
_cby Phyllis V. Shaudys.
260 _aPovnal, VT :
_bStorey Communications, Inc.,
_c1990.
300 _aVIII, 312 pp :
_bill. ;
_c28 cm.
504 _aBibliography p. 293-304.
505 _aIncludes index.
650 9 _aHerbs
650 9 _aHerb gardening
650 9 _aCookery (Herbs)
650 9 _aHerbs
_xUtilization
650 9 _aNature craft
020 _a0882666193
040 _cBPK
041 0 _aeng
920 _a0-88266-619-3
942 _cKS
008 s uk f |000 0 eng
999 _c47545
_d47545
856 _uhttp://koha.tu.koszalin.pl/cgi-bin/koha/opac-detail.pl?biblionumber=47545
_yKatalog online BPK